Online
Catalog

Haciendo posible lo imposible : (Record no. 13616)

MARC details
000 -CABECERA
campo de control de longitud fija 00832cam a2200241 a 4500
001 - NÚMERO DE CONTROL
campo de control 000014012
005 - FECHA Y HORA DE LA ÚLTIMA TRANSACCIÓN
campo de control 20200929163434.0
008 - DATOS DE LONGITUD FIJA--INFORMACIÓN GENERAL
campo de control de longitud fija 990823s1999 cu b 000 0 spa d
020 ## - NÚMERO INTERNACIONAL ESTÁNDAR DEL LIBRO
Número Internacional Estándar del Libro 9590603955
035 ## - NÚMERO DE CONTROL DEL SISTEMA
Número de control de sistema (OCoLC)ocm42624575
040 ## - FUENTE DE LA CATALOGACIÓN
Centro catalogador/agencia de origen DO-SdBNP
Centro/agencia transcriptor IRU
Centro/agencia modificador DLC
082 ## - NÚMERO DE LA CLASIFICACIÓN DECIMAL DEWEY
Número de clasificación 324.217
Número de documento/Ítem H289h
049 ## - FONDOS LOCALES (OCLC)
Fondos de biblioteca BNGR
100 1# - ENTRADA PRINCIPAL--NOMBRE DE PERSONA
Nombre de persona Harnecker, Marta.
9 (RLIN) 12290
245 10 - MENCIÓN DE TÍTULO
Título Haciendo posible lo imposible :
Resto del título la izquierda en el umbral del siglo XXI /
Mención de responsabilidad, etc. Marta Harnecker.
246 30 - FORMA VARIANTE DE TÍTULO
Título propio/Titulo breve Izquierda en el umbral del siglo XXI
260 ## - PUBLICACIÓN, DISTRIBUCIÓN, ETC.
Lugar de publicación, distribución, etc. La Habana :
Nombre del editor, distribuidor, etc. Ciencias Sociales,
Fecha de publicación, distribución, etc. 1999.
300 ## - DESCRIPCIÓN FÍSICA
Extensión 392 p. ;
Dimensiones 21 cm.
504 ## - NOTA DE BIBLIOGRAFÍA, ETC.
Nota de bibliografía, etc. Bibliografía: (p. [375], 392).
610 10 - PUNTO DE ACCESO ADICIONAL DE MATERIA--NOMBRE DE ENTIDAD CORPORATIVA
Nombre de entidad corporativa o nombre de jurisdicción como elemento de entrada PARTIDOS SOCIALISTAS
Subdivisión general HISTORIA
-- IDEOLOGÍA
Subdivisión cronológica SIGLO XX
9 (RLIN) 31700
650 #4 - PUNTO DE ACCESO ADICIONAL DE MATERIA--TÉRMINO DE MATERIA
Término de materia o nombre geográfico como elemento de entrada Comunismo
Subdivisión geográfica América Latina
Subdivisión general Historia
Subdivisión cronológica SIGLO XX
9 (RLIN) 31701
910 ## - DATOS DE OPCIÓN DEL USUARIO (OCLC)
Datos de opción del usuario Catalogación derivada
Holdings
Estado de retiro Estado de pérdida Restricciones de uso No para préstamo Código de colección Localización permanente Ubicación/localización actual Ubicación en estantería Fecha de adquisición Número de inventario Total de préstamos Signatura topográfica completa Código de barras Fecha visto por última vez Precio válido a partir de Tipo de ítem Koha Número de copia
    Préstamo interno   Monografías: Libros y Folletos General General En catalogación 02.12.2009 LF1   324.217 H289h 14012-10 25.06.2020 25.06.2020 Préstamo interno  
    Préstamo restringido Préstamo restrigido Monografías: Libros y Folletos General General En catalogación 02.12.2009 LF1   324.217 H289h 14012-20 25.06.2020 25.06.2020 Préstamo interno e.2

Powered by Koha